<?xml version="1.0" encoding="UTF-8"?><?xml-stylesheet type="text/xsl" href="static/style.xsl"?><OAI-PMH xmlns="http://www.openarchives.org/OAI/2.0/" xmlns:xsi="http://www.w3.org/2001/XMLSchema-instance" xsi:schemaLocation="http://www.openarchives.org/OAI/2.0/ http://www.openarchives.org/OAI/2.0/OAI-PMH.xsd"><responseDate>2026-04-13T13:27:03Z</responseDate><request verb="GetRecord" identifier="oai:www.recercat.cat:10256/8966" metadataPrefix="marc">https://recercat.cat/oai/request</request><GetRecord><record><header><identifier>oai:recercat.cat:10256/8966</identifier><datestamp>2024-05-22T11:02:44Z</datestamp><setSpec>com_2072_452966</setSpec><setSpec>com_2072_2054</setSpec><setSpec>col_2072_452968</setSpec></header><metadata><record xmlns="http://www.loc.gov/MARC21/slim" xmlns:dcterms="http://purl.org/dc/terms/" xmlns:xsi="http://www.w3.org/2001/XMLSchema-instance" xmlns:doc="http://www.lyncode.com/xoai" xsi:schemaLocation="http://www.loc.gov/MARC21/slim http://www.loc.gov/standards/marcxml/schema/MARC21slim.xsd">
   <leader>00925njm 22002777a 4500</leader>
   <datafield ind2=" " ind1=" " tag="042">
      <subfield code="a">dc</subfield>
   </datafield>
   <datafield ind2=" " ind1=" " tag="720">
      <subfield code="a">Caula Freixa, Cèlia</subfield>
      <subfield code="e">author</subfield>
   </datafield>
   <datafield ind2=" " ind1=" " tag="260">
      <subfield code="c">2014</subfield>
   </datafield>
   <datafield ind2=" " ind1=" " tag="520">
      <subfield code="a">Objectives: To evaluate the correct diagnosis in unselected patients presenting with&#xd;
suspected acute appendicitis in the Emergency Department in Hospital Trueta. To evaluate the different scenarios to achieve the correct diagnosis in patients with suspected acute appendicitis estimated by clinical evaluation without imaging, US only, CT only or US in all patients followed by CT after a non-diagnostic US.&#xd;
Design: Cross-sectional study conducted between April 2014 and March 2015.&#xd;
Settings: Medium-sized teaching hospital in Girona.&#xd;
Participants: Consecutive adult patients, 14 years old or older, with clinically suspected&#xd;
acute appendicitis evaluated at the emergency department.&#xd;
Main outcome: Correct diagnosis of acute appendicitis</subfield>
   </datafield>
   <datafield ind1="8" ind2=" " tag="024">
      <subfield code="a">http://hdl.handle.net/10256/8966</subfield>
   </datafield>
   <datafield ind2="0" ind1="0" tag="245">
      <subfield code="a">How do we make the (right) diagnosis of acute appendicitis?</subfield>
   </datafield>
</record></metadata></record></GetRecord></OAI-PMH>